| 000 | 00794cam a22002773a 4500 | ||
|---|---|---|---|
| 001 | 25487 | ||
| 003 | PGUSA | ||
| 005 | 20140828083540.0 | ||
| 008 | 080516s2008||||xxu|||||s|||||000 1 eng d | ||
| 040 |
_aPGUSA _beng |
||
| 042 | _adc | ||
| 050 | 4 | _aPZ | |
| 050 | 4 | _aPS | |
| 100 | 1 |
_aPeck, George W. _q(George Wilbur), _d1840-1916 |
|
| 245 | 1 | 0 |
_aPeck's Bad Boy and His Pa : _b1883 _h[electronic resource] / _cGeorge W. Peck |
| 260 |
_bProject Gutenberg, _c2008 |
||
| 506 | _aPublic domain in the USA. | ||
| 516 | _aElectronic text | ||
| 653 | _aBoys -- Fiction | ||
| 653 | _aPractical jokes -- Fiction | ||
| 653 | _aAmerican wit and humor | ||
| 700 | 1 |
_aSmith, Gean, _d1851-1928 |
|
| 830 | 0 |
_aProject Gutenberg _v25487 |
|
| 856 | 4 | 0 | _uhttp://www.gutenberg.org/ebooks/25487 |
| 942 | _cEB | ||
| 999 |
_c254742 _d254742 |
||